[Event "Imre Konig Memorial 1st"]
[Site "San Francisco"]
[Date "2002.09.12"]
[Round "7"]
[White "Baburin, Alexander"]
[Black "Atalik, Suat"]
[Result "1/2-1/2"]
[WhiteElo "2580"]
[BlackElo "2551"]
[Annotator "Atalik,S"]
[PlyCount "117"]
[EventDate "2002.09.04"]
[EventType "tourn"]
[EventRounds "9"]
[EventCountry "USA"]
[EventCategory "12"]
[SourceTitle "CBM 092"]
[Source "ChessBase"]
[SourceDate "2003.02.06"]
[SourceVersion "1"]
[SourceVersionDate "2003.02.06"]
[SourceQuality "1"]

1. d4 Nf6 2. c4 e6 3. Nc3 Bb4 4. Qc2 {Classical System against the Nimzo-
Indian is almost the sole weapon in GM Baburin's hands.} d5 5. cxd5 Qxd5 6. Nf3
c5 {The old line.} ({The modern choice is} 6... Qf5) 7. Bd2 Bxc3 8. Bxc3 cxd4
9. Bxd4 $5 Nc6 10. Bc3 e5 {Whites previous move allowed} (10... Qc5 11. Rc1 {
but I have sticked to what I have had prepared.}) 11. e3 O-O 12. Be2 (12. Rd1
$6 {is not losing but simply illogical.} Qxa2 13. Nxe5 Nxe5 14. Bxe5 Be6 $32)
12... Bg4 13. O-O Qc5 $146 {I would not say that it is a big time novelty
anyway my queen belongs to e7.} 14. Rac1 {This has provocated me to push.} (14.
Rfd1 Rac8 (14... e4 $6 15. Nd4 Nxd4 16. Rxd4 Bxe2 17. Qxe2 Nd5 18. Be1 $16) 15.
Rac1 (15. Qa4 Qe7 16. h3 Bh5 17. g4 {Aggressive Stohl!} Bg6 18. Nh4 Rc7 19.
Nxg6 hxg6 $14 (19... fxg6 20. Rac1 (20. g5 Ne8 21. Qg4 Nd6) 20... e4 21. g5 Ne8
22. Bg4 Nd6 23. Qa3)) 15... Qe7 16. Qa4 a6 17. h3 Bh5 18. Qh4 Bg6 {is a more
or less normal position reminiscent of the 7th game of the famous
Levenfish-Botvinnik match which took place in Moscow and Sankt Peterburg in
1937.}) 14... e4 $6 {It is very difficult to say why I was fascinated with
this push in my preparation.} (14... Rac8 15. Qa4 Qe7 {is required.}) 15. Nd4 {
Simple and the best.} (15. Ne1 Bxe2 16. Qxe2 Nd5 17. Qh5 f5) (15. Nh4 Qh5 (
15... Bxe2 16. Qxe2 Qg5 17. Bxf6 Qxf6 18. Qg4 Qe5 19. Nf5 g6)) 15... Nxd4 16.
Bxd4 Qxc2 17. Rxc2 Bxe2 18. Rxe2 Nd5 19. Rd2 $1 {I sort of did not give enough
importance to this move.} ({After} 19. Rc2 b6 20. Rfc1 f5 {Black looks ok.})
19... Rfd8 {What else?} 20. Rfd1 $5 (20. Bc5 $5 Nc7 $8 (20... b6 $2 21. Rfd1 $1
bxc5 22. Rxd5 Rxd5 23. Rxd5 g6 24. Rxc5 Rd8 25. g4 Rd2 26. Rb5 Kg7 27. Kg2 $18)
21. Rfd1 (21. Rxd8+ Rxd8 22. Bxa7 Ne6 23. a3 Rd2 (23... Ra8 24. Bd4 (24. Bb6
Ra6 25. Bd4 Nxd4 26. exd4 Rc6 $44) 24... Nxd4 25. exd4 Rc8 $44) 24. Rb1) 21...
Rxd2 22. Rxd2 Ne6 23. Ba3 f5 {And black is alive.}) 20... Nb4 21. a3 Nc6 $8 (
21... Nd3 $2 22. f3 f5 23. g4 g6 24. gxf5 gxf5 25. Rg2+ Kf7 26. Rg7+ Ke6 27.
Rxb7 $1 (27. Rxh7 Rg8+ 28. Kf1 Rg6) 27... Rd7 28. Rxd7 Kxd7 $16) 22. h3 f5 (
22... h5 23. Kh2) 23. g4 $1 fxg4 24. hxg4 $14 {A usual B versus N ending.} Rd5
(24... Kf7 25. Kg2) 25. Bc3 $1 {Tactics allow white to increase his advantage.}
Rxd2 $8 {is necessary.} (25... Rg5 $2 26. Rd7 Rxg4+ 27. Kf1 $18 {and the
weakness of absolute 7th talks!}) 26. Rxd2 Rd8 27. Rc2 $1 {Another good move
by Sasha!} (27. Rxd8+ Nxd8 28. Kg2 Ne6 29. f3 exf3+ 30. Kxf3 Kf7 31. Ke4 g6 $11
) 27... Rd5 {Around here I started to play unjustifiably fast, like I have an
easy position.Actually Black is still in some serious danger.} (27... Kf7 28.
Kg2 Rd3 29. Kg3 g5 $11) 28. Kg2 Kf7 $2 {But this is really stupid.I should
have bring his king on the edge of the board.} (28... Rg5 29. Kh3 Kf7 30. Rd2
Ke6 $11) 29. Kg3 g5 30. f3 $1 $16 {All of a sudden I have almost a gone game.}
exf3 31. Kxf3 {h line and the king or e pawn march possibilty in the center
gives black a rotten position.} Kg6 32. Rf2 $1 {Very strong little by little
black is coming into the mouth of the grinder!} (32. Ke4 Rd6 33. Rf2 h5 34.
gxh5+ Kxh5 35. Rf7 b6 36. Kf5 Rd5+ 37. Ke6 Rd3 38. Rh7+ Kg4 39. e4 (39. Rc7
Rxe3+ 40. Kd6 Na5 41. Rxa7 Rd3+ 42. Ke6 Nc4 $11) 39... Kf4 40. e5 g4 $132)
32... Rd6 33. e4 {That is the point e pawns march is very dangerous.} (33. Ke4
h5) 33... Kf7 34. Ke3+ Ke7 35. Rh2 (35. e5 Rh6 36. Ke4 Rh4 37. Kf5 h6 38. e6)
35... h6 36. e5 $1 (36. Bg7 {does not produce any damage since} Rg6 37. Bxh6 $2
Ne5 38. Bxg5+ Rxg5 39. Kf4 Kf6 {holds everthing.}) 36... Re6 37. Ke4 $16 {
This position looks horrible for black but I have managed to come across the
only idea.} a5 $1 {Finally a decent move.} 38. a4 (38. b4 axb4 39. axb4 Na7)
38... b6 39. Rd2 Nb8 $1 {At least my knight is operational!} 40. Kf5 $1 {
The threat is 41.Rd8.} (40. b4 $5 Rc6 41. Kd4 $1 Rc8 42. bxa5 bxa5 43. Rh2 Nc6+
44. Ke4 Nb4 $132) 40... Nd7 41. Rc2 $1 ({I was lucky that} 41. Rd6 $6 {does
not win on the spot.} Rxd6 42. exd6+ Kxd6 43. Kg6 (43. Bg7 Nc5 44. Bxh6 Nxa4)
43... Nc5 44. Kxh6 Nxa4 45. Bh8 Nc5 46. Kxg5 b5 47. Kf5 b4 48. g5 a4 $11) 41...
Rc6 42. Bb4+ Nc5 43. Ba3 (43. Bxc5+ bxc5 44. Ke4 (44. b3 Rc8 45. Kg6 Rc6+ {
holds.}) 44... Rc8) 43... Rc8 $1 44. Bxc5+ bxc5 45. b3 (45. Ke4 Rf8 46. Rxc5
Rf4+ 47. Kd5 Rxa4 {holds too.}) 45... Rf8+ 46. Kg6 Rf4 (46... Rf3 47. Kxh6 Rxb3
48. Kxg5 Rb4 49. Rxc5 Rxa4 50. Kf5 Ra1 51. Rc7+ Kf8 52. Kf6 Rf1+ 53. Ke6 a4 54.
Ra7 Ra1 {is like what happenned in the game.}) 47. Rc4 (47. Kh5 $6 Rb4 48. Rxc5
Rxb3 49. Rxa5 Rh3+ 50. Kg6 Rg3 51. Kf5 Rf3+ 52. Ke4 Rf4+ 53. Kd5 Rxg4 54. Ra7+
Kd8 55. Ke6 Rc4 $11) 47... Rf3 48. Kxh6 Rxb3 49. Rxc5 Rb4 50. Rxa5 $2 {
Immediately after the game Yermo demonstrated the win for white.} (50. Kxg5
Rxa4 51. Kf5 Ra1 52. Rc7+ Kf8 53. Ra7 a4 54. Ra8+ (54. Kf6 Rf1+ 55. Ke6 Ra1 56.
Ra8+ Kg7 57. Ke7 a3 58. e6 a2 59. Ra3 Kg6 60. Ra5 Kh6 61. Rh5+ Kg6 62. Rh2 Kg5
63. Rd2 Kf4 64. g5 $1 Kxg5 65. Kd7 Kf6 66. e7 $18) 54... Kg7 55. Ke6 a3 56. Ke7
Ra2 57. e6 Ra1 58. Ke8 a2 59. e7 Kg6 60. Ra5 $1 Kg7 61. Rg5+ Kh7 62. Rh5+ Kg6
63. Rh2 $18 {everything is like in Lautier-Yermolinsky,Tilburg(m/1)1993.})
50... Rxg4 51. Ra8 (51. Kg6 Ke6) 51... Re4 $1 $11 {Now it is a draw.} 52. a5 g4
53. a6 g3 54. a7 Rh4+ $1 {Luring whites king into the g line.} 55. Kg5 Ra4 56.
Kf5 g2 57. Rg8 Rxa7 58. Rxg2 Ra6 {Immediately attaining Philidor's position.}
59. Rg7+ 1/2-1/2

[Event "World Cup"]
[Site "Khanty-Mansiysk"]
[Date "2007.12.01"]
[Round "3.2"]
[White "Sasikiran, Krishnan"]
[Black "Macieja, Bartlomiej"]
[Result "1/2-1/2"]
[WhiteElo "2661"]
[BlackElo "2606"]
[Annotator "CB"]
[PlyCount "265"]
[EventDate "2007.11.24"]
[EventType "k.o."]
[EventRounds "7"]
[EventCountry "RUS"]
[SourceTitle "CBM 122"]
[Source "ChessBase"]
[SourceDate "2008.01.30"]
[SourceVersion "1"]
[SourceVersionDate "2008.01.30"]
[SourceQuality "1"]

1. d4 Nf6 2. c4 e6 3. Nc3 Bb4 4. Qc2 d5 5. cxd5 Qxd5 6. Nf3 Qf5 7. Qxf5 exf5 8.
a3 Bd6 9. g3 Be6 10. Bf4 Nd5 11. e3 Nxf4 12. gxf4 c6 13. O-O-O Nd7 14. d5 cxd5
15. Nxd5 Rc8+ 16. Kb1 Rc5 17. Nc3 Ke7 18. Nd4 Nf6 19. Bg2 Bd7 20. Rc1 Rb8 21.
Rc2 a6 22. Rd1 Rcc8 23. Nb3 b5 24. Rcd2 b4 25. axb4 Bxb4 26. Rxd7+ Nxd7 27.
Nd5+ Ke8 28. Bf1 a5 29. Nd4 Bc5 30. Ba6 Bxd4 31. Bxc8 Bxb2 32. Bxd7+ Kxd7 33.
Ka2 a4 34. Nb4+ Ke6 $4 (34... Ke8 35. Na6 Rb7 36. Nc5 Rc7 37. Nxa4 Bf6 {
would have secured a draw without the suffering from the game.}) 35. Na6 {
Now the knight comes to c5 with check and Black cannot keep the bishop.} Rc8
36. Kxb2 Rc4 {White is winning, but accuracy is required, since the knight is
away and Black plans to exchange many pawns.} 37. Rd2 {White is winning after
this move too, but with little time it is anything but easy.} ({The simplest
way is} 37. Ka3 Rc2 38. Rf1 {followed by Nb4 and Kxa4. Black can neither
activate the king, nor exchange many pawns. The rook will soon have to leave
the second rank too (when White will approach his king), so the position is
hopeless for Black.}) 37... f6 38. Ka3 g5 39. fxg5 fxg5 40. Nb4 Rh4 41. f3 f4
42. exf4 ({Better is} 42. e4 Rh3 43. Rf2 Ke5 (43... g4 44. Nd3 Rxf3 45. Rxf3
gxf3 46. Kxa4 $18) 44. Kxa4 Kd4 (44... g4 45. Nc6+ Kd6 46. Kb5 Rxf3 47. e5+ Kd5
48. Rd2+ $18) 45. Rd2+ Ke3 46. Rd3+ Ke2 47. e5 Rxh2 48. e6 Rh6 49. Rd6 $18)
42... Rxf4 43. Rf2 g4 44. Re2+ Kf5 45. fxg4+ Kxg4 46. Nd3 Rd4 47. Re3 Kh4 48.
Ne1 Kh5 49. Ng2 Rg4 50. Rh3+ Kg6 51. Ne3 Rd4 52. Rg3+ Kh5 53. Rf3 Rh4 54. Nf1
Kg4 55. Rg3+ Kf4 56. Rc3 (56. Kxa4 Rxh2 $11) 56... Kg5 57. Rc5+ Kg4 58. Kxa4
Kh3+ 59. Kb3 Rf4 60. Nd2 Kxh2 61. Kc3 Kg3 62. Kd3 Kg4 63. Ke3 Rf5 64. Rc4+ Kg5
65. Ne4+ Kg6 66. Rc6+ Kg7 67. Ng3 Ra5 68. Kf4 Kf7 69. Nf5 Ra1 70. Nd6+ Ke7 71.
Ne4 Rh1 72. Ra6 Rh4+ 73. Kf5 Rh5+ 74. Kg4 Rh1 75. Nf6 Rg1+ 76. Kf5 Rf1+ 77. Ke5
Re1+ 78. Ne4 Kf7 79. Rb6 h5 80. Kf5 Rf1+ 81. Kg5 Rg1+ 82. Kxh5 Ke7 83. Ng5 Rh1+
84. Kg4 Rf1 85. Nf3 Ra1 86. Kf5 Rf1 87. Ke4 Ra1 88. Rh6 Kd7 89. Ne5+ Ke7 90.
Nc4 Re1+ 91. Ne3 Kd7 92. Rh3 Ke6 93. Kf4 Kd6 94. Rh6+ Kc5 95. Ke4 Rg1 96. Rh5+
Kc6 97. Kd4 Ra1 98. Rh6+ Kd7 99. Nf5 Ra4+ 100. Ke5 Ra5+ 101. Ke4 Ra4+ 102. Nd4
Ra1 103. Rb6 Rh1 104. Ke5 Rh5+ 105. Nf5 Rh1 106. Kd5 Rd1+ 107. Nd4 Ke7 108.
Re6+ Kf7 109. Re2 Kf6 110. Rf2+ Ke7 111. Rf4 Rd2 112. Rf1 Rd3 113. Ra1 Kf6 114.
Ra6+ Ke7 115. Rb6 Rd1 116. Rh6 Rd3 117. Rh1 Kf6 118. Ke4 Ra3 119. Rh6+ Kf7 120.
Rb6 Ra1 121. Nf3 Ke7 122. Kf5 Rf1 123. Kf4 Ra1 124. Ke4 Rh1 125. Ke5 Rh5+ 126.
Kf4 Rh1 127. Nd4 Rf1+ 128. Ke5 Re1+ 129. Kd5 Rd1 130. Rb3 Kf6 131. Rb2 Ke7 132.
Re2+ Kd7 133. Rh2 1/2-1/2

[Event "Grenke Chess Classic 1st"]
[Site "Baden-Baden"]
[Date "2013.02.15"]
[Round "8"]
[White "Fridman, Daniel"]
[Black "Adams, Michael"]
[Result "1/2-1/2"]
[WhiteElo "2667"]
[BlackElo "2725"]
[Annotator "CB"]
[PlyCount "73"]
[EventDate "2013.02.07"]
[EventType "tourn"]
[EventRounds "10"]
[EventCountry "GER"]
[EventCategory "19"]
[SourceTitle "CBM 153"]
[Source "ChessBase"]
[SourceDate "2013.03.14"]
[SourceVersion "1"]
[SourceVersionDate "2013.03.14"]
[SourceQuality "1"]

1. d4 Nf6 2. c4 e6 3. Nc3 Bb4 4. Qc2 d5 5. cxd5 Qxd5 6. e3 c5 7. Bd2 Bxc3 8.
Bxc3 cxd4 9. Bxd4 Nc6 10. Bxf6 gxf6 11. Ne2 Bd7 12. a3 Qe5 13. Rd1 Ne7 14. Nd4
Bc6 $6 {Fridman was very puzzled: "The whole idea of this 11.Ne2, 14.Nd4 line
is to prevent Bc6, which is why it was surprising that after 20 minutes Mickey
played it anyway!" It certainly looked strange, but after queens were swapped
off any outcome other than a draw looked improbable. Fridman wasn't
complaining: "After two losses in a row you want such a position - not a big
risk and if Black makes some inaccuracies..." IM Lawrence Trent offered to
commentate in his underpants for Round 9 if the game ended decisively, but
fortunately that was avoided (with meteors and asteroids the world has been
shaken enough for one day!).} ({Kramnik and Gelfand are among those who've
played} 14... Qa5+ {but Adams saw some ghosts after} 15. b4 $6) 15. Nxc6 Nxc6
16. Be2 Qa5+ 17. Qd2 Qxd2+ 18. Rxd2 Ke7 19. Bf3 Rac8 20. Ke2 Rhd8 21. Rhd1
Rxd2+ 22. Rxd2 Rc7 23. Kd1 Ne5 24. Be2 f5 25. h3 h6 26. Rd4 Rd7 27. Rxd7+ Nxd7
28. f4 Kd6 29. Bf3 b6 30. Kd2 Nc5 31. Kc3 Na6 32. b4 Nc7 33. Kc4 f6 34. Bb7 Ne8
35. Bf3 Nc7 36. Bb7 Ne8 37. Bf3 1/2-1/2

[Event "Politiken Cup 18th"]
[Site "Copenhagen"]
[Date "1996.??.??"]
[Round "11"]
[White "Hansen, Curt"]
[Black "Maksimenko, Andrei"]
[Result "1-0"]
[WhiteElo "2615"]
[BlackElo "2545"]
[Annotator "Dautov,R"]
[PlyCount "97"]
[EventDate "1996.06.??"]
[EventType "swiss"]
[EventRounds "11"]
[EventCountry "DEN"]
[SourceTitle "CBM 054"]
[Source "ChessBase"]
[SourceDate "1996.10.01"]
[SourceVersion "1"]
[SourceVersionDate "1996.10.01"]
[SourceQuality "1"]

1. c4 {Chekhov} e6 2. Nc3 Nf6 3. d4 Bb4 4. Qc2 d5 5. cxd5 Qxd5 6. Nf3 Qf5 7.
Qxf5 (7. Qd1 $5 {Chekhov}) 7... exf5 8. a3 (8. Bd2 c6 9. e3 Nbd7 10. Bd3 Nb6
11. Ne2 Bd6 12. O-O Ne4 13. Ba5 O-O 14. Rfc1 Re8 $10 {Beliavsky,A-Romanishin,O/
Groningen/1993/0|1/57/}) 8... Be7 9. Bf4 (9. Ne5 $5 c6 10. g3 Nbd7 11. Nd3 Nb6
12. Bg2 O-O 13. O-O Rd8 14. e3 Nbd5 15. Nxd5 Nxd5 16. Bd2 a5 17. Rfc1 $14 {
Chabanon,J-Frendzas,P/Peristeri (03) ;CBM 46 1994}) (9. b4 {Chekhov} c6 10. e3
Be6 11. Bd3 Nbd7 12. Ng5 Nd5 13. Nxe6 fxe6 14. Bd2 g6 $10 {Alterman,
B-Hamdouchi,H/FRA/1994/0|1/50/}) 9... c6 10. e3 Nbd7 (10... Be6 11. Bd3 (11.
Ng5 Bb3) 11... h6 12. h3 Nbd7 13. Ne5 Nb6 14. O-O O-O 15. Rae1 Rfd8 $10 {
Tomicic-Kutuzovic /Djakovo op 1994}) 11. Bc4 Nb6 12. Ba2 Be6 13. Be5 $1 (13.
Bxe6 fxe6 14. Ng5 Kd7 $10) 13... h6 (13... O-O $6 14. Bxe6 fxe6 15. Ng5 Rfe8
16. Nxe6 Bxa3 17. Rxa3 Rxe6 18. Bxf6 Rxf6 19. Ke2 $14) 14. Ke2 O-O 15. Bxf6
Bxf6 16. Rhc1 Rfc8 (16... a5 $5 17. Bxe6 fxe6 18. b4 (18. Rab1 Be7) 18... axb4
19. axb4 Be7 $1 (19... Nd5 20. Nxd5 exd5 (20... cxd5 21. b5 $14) 21. b5 $14)
20. b5 c5 $10) 17. Bxe6 fxe6 18. b4 a6 (18... a5 $5 19. Rab1 (19. b5 c5 $10) (
19. bxa5 {Chekhov} Rxa5 20. Rcb1 Ra6 21. Rb3 c5 $13) (19. Rcb1 $5) 19... axb4
20. Rxb4 Ra6 21. a4 (21. Rcb1 Nd5 22. Nxd5 cxd5 $10) 21... Be7 22. Rb3 Rc7 23.
Rcb1 Nxa4 24. Nxa4 Rxa4 25. Rxb7 Rxb7 26. Rxb7 Ra2+ $10) (18... Nd5 {Chekhov}
19. Na4 $16) 19. Rab1 Re8 (19... Nd7 20. Na4 b6 21. Ne5 Nxe5 $2 22. Nxb6 $16)
20. Nd1 $1 {/\Nb2-d3} e5 (20... Nd5 {Chekhov} 21. Nb2 a5 22. bxa5 Rxa5 23. Nc4
Ra7 24. Nd6 $22 Re7 25. Nc8 $18) 21. dxe5 Bxe5 22. Nxe5 Rxe5 23. Nb2 Re7 (23...
a5 24. Nd3 (24. Rc5 Nd7 25. Rxa5 Raxa5 26. bxa5 Rxa5 27. Nc4 Ra7 28. Nd6 Nc5
$10) 24... Rb5 25. Rc5 Na4 26. Rxb5 Nc3+ 27. Kf3 Nxb5 $10) 24. Nd3 Nd5 25. g3
Rd8 26. Rb3 Kf7 27. Rc4 Rd6 28. Nc5 $14 {><b7} (28. a4 {Chekhov} b5 $13 (28...
Nb6 29. Rc5 Nxa4 30. Rxf5+ $14)) 28... g6 29. h4 (29. h3 $5 {/\Kf3}) 29... Nb6
30. Rc1 Nd5 31. Rc4 Nb6 32. Rc2 Nd5 33. Kf3 Nf6 $6 (33... g5 $1 34. hxg5 hxg5
35. g4 fxg4+ 36. Kxg4 Kg6 $132) 34. Rd3 Rxd3 35. Nxd3 Nd5 36. Nc5 Kf6 (36...
Nf6 37. Rd2 Ne4 38. Rd4 Nxc5 39. bxc5 $14) (36... g5 $5) 37. Rc4 {/\e4} h5 $2 (
37... g5 {Chekhov} 38. hxg5+ hxg5 39. g4 $16) 38. e4 fxe4+ (38... Nb6 39. Rd4
$16) 39. Rxe4 $16 Rc7 (39... Rxe4 40. Kxe4 Nc3+ 41. Kd3 Nd1 (41... Nb5 {Chekhov
} 42. Nxb7 Nxa3 43. Nc5 Kf5 44. f3 $18) 42. f3 $16) (39... b6 {Chekhov} 40.
Rxe7 (40. Nxa6 Ra7 $10) 40... Kxe7 41. Nxa6 Kd7 42. a4 Kc8 43. b5 Kb7 44. Ke4
Nc3+ 45. Ke5 Nxa4 46. Nb4 c5 (46... cxb5 47. Kf6 $18) 47. Nd5 c4 48. Kf6 c3 49.
Nb4 $18) 40. Re8 b6 (40... Kf7 {Chekhov} 41. Ra8 (41. Rb8 b6 42. Ne4 c5 43.
bxc5 bxc5 44. Rd8 Ne7 45. Rd6 c4 46. Nc3 a5 47. Ke4 $16) 41... Ke7 $22 42. Ra7
b6 43. Rxc7+ Nxc7) 41. Ne4+ Kg7 42. Ra8 c5 43. bxc5 bxc5 44. Rxa6 c4 45. Ng5 $1
$18 Kh6 (45... Rc8 {Chekhov} 46. Ne6+ Kf7 47. Nd4 c3 48. Nc2 Rb8 49. Ke4 $16)
46. Ra8 Rc6 (46... Nf6 47. Rh8+ Kg7 48. Ne6+ Kxh8 49. Nxc7 $18) (46... c3 {
Chekhov} 47. Rh8+ Kg7 48. Rh7+ Kg8 49. Rxc7 Nxc7 50. Ke2 Nb5 51. a4 Nd4+ 52.
Kd3 c2 53. Kd2 Kg7 54. Ne4 $18) 47. Ra7 Nc7 48. Nf7+ Kg7 49. Nd8 (49. Nd8 {
Chekhov} Rc5 50. Ne6+ $18) 1-0

[Event "Linares 12th"]
[Site "Linares"]
[Date "1994.??.??"]
[Round "7"]
[White "Bareev, Evgeny"]
[Black "Beliavsky, Alexander G"]
[Result "1-0"]
[WhiteElo "2685"]
[BlackElo "2650"]
[Annotator "Dautov,R"]
[PlyCount "163"]
[EventDate "1994.02.??"]
[EventType "tourn"]
[EventRounds "13"]
[EventCountry "ESP"]
[EventCategory "18"]
[SourceTitle "CBM 040"]
[Source "ChessBase"]
[SourceDate "1994.06.01"]
[SourceVersion "1"]
[SourceVersionDate "1994.06.01"]
[SourceQuality "1"]

1. d4 Nf6 2. c4 e6 3. Nc3 Bb4 4. Qc2 d5 5. cxd5 Qxd5 6. Nf3 Qf5 $5 7. Qb3 (7.
Qxf5 exf5 8. Bd2 c6 9. e3 Nbd7 10. Bd3 Nb6 11. Ne2 Bd6 12. O-O Ne4 13. Ba5 O-O
14. Rfc1 Re8 $10 {Beliavsky-Romanishin/Groningen PCA/1993}) (7. Qa4+ $5 Nc6 8.
a3 {Romanishin}) 7... c5 8. a3 Bxc3+ $146 (8... Ba5 9. e3 (9. Qb5+ Nc6 10. Qxc5
Qxc5 11. dxc5 Ne4 $10) 9... Nc6 10. Be2 cxd4 11. exd4 {->Shabalov-Romanishin/
Bad Godesberg/1994} Bxc3+ 12. bxc3 b6 $10 {Romanishin}) 9. Qxc3 (9. bxc3 b6 10.
g3 Bb7 11. Bg2 Be4 12. O-O O-O $10) 9... Nbd7 10. g3 Ne4 (10... b6 $5 11. Bg2
Ne4 12. Qe3 Bb7 13. Nd2 cxd4 14. Qxd4 Ndf6 $10) 11. Qe3 b6 12. dxc5 $1 Ndxc5
13. b4 Na4 (13... Nd7 $2 14. Bb2 O-O 15. Bg2 Bb7 16. Nh4 Qd5 17. Rd1 Qc6 18.
Rxd7 Qxd7 19. Bxe4 $18) 14. Bh3 $1 (14. Bg2 Bb7 15. Nd2 Nd6 16. Bxb7 Nxb7 $10)
14... Qd5 (14... Qxh3 $2 15. Qxe4 Rb8 16. Qe5 Rb7 17. Qxg7 Rf8 18. Bh6 $18) 15.
Bg2 Bb7 16. Nd2 f5 17. Nxe4 fxe4 18. O-O O-O 19. Rb1 Rac8 20. Bb2 Nxb2 21. Rxb2
$14 {><e4,e6} Rfd8 22. Rb3 Qd4 23. Bh3 Qd6 (23... Kf7 $5 24. f3 (24. Qf4+ Qf6
$10) 24... Qxe3+ 25. Rxe3 Ke7 26. fxe4 $14 {/\Ref3}) 24. Rbb1 Bd5 25. Rbd1 $5 (
25. Rbc1 Qe5 26. Bg2 $14 {/\h4}) 25... Rc4 26. Qg5 Rd7 27. Rd2 h6 28. Qh5 Qe7 (
28... Rc3 $2 29. Rxd5 $1 Qxd5 (29... exd5 30. Qe8+ $18) 30. Qxd5 $18) 29. Qe5 {
/\Rd5} Kh8 30. Rfd1 Rdc7 {<=> <-> c} 31. Bg2 Qf6 32. Qh5 Rc1 $6 (32... Kh7 $5 {
/\} 33. h4 Qg6 34. Qe5 Qf6 $10) 33. e3 Rxd1+ 34. Qxd1 Qc3 35. h4 Qxa3 36. Rxd5
$1 Rc1 (36... exd5 37. Qxd5 Rc8 38. Bxe4 Qxb4 39. Qf5 Rc1+ 40. Kg2 Kg8 41. Qd5+
$1 Kf8 42. Qd8+ Kf7 43. Bd5+ Kg6 44. Qe8+ $18) 37. Rd8+ Kh7 38. Bxe4+ g6 39. h5
Rxd1+ 40. Rxd1 Qxb4 41. Bxg6+ (41. hxg6+ $6 Kg8 42. Rd8+ Kg7 43. Rd7+ Kg8 $10)
41... Kg7 42. Rd7+ Kf6 (42... Kg8 $5 43. Rxa7 {/\Bf7} Qg4 {/\} 44. Rh7 b5 45.
Rxh6 b4 46. Rh7 b3 $10) 43. Rxa7 Qd2 (43... b5 44. Rh7 Qe1+ 45. Kg2 b4 46. Rxh6
$16) 44. Rh7 Qd1+ 45. Kg2 Qd5+ 46. Kg1 Qd1+ 47. Kg2 Qd5+ 48. Kh2 $5 (48. e4 Qd2
) 48... Qd2 49. Kh3 {/\f4} e5 (49... b5 $5 50. f4 e5 51. Rf7+ Ke6 52. f5+ Kd6
$14) 50. Be8 Qc2 51. Bg6 (51. Rxh6+ $2 Ke7 {/\Qf2}) 51... Qd1 52. Kg2 Qd5+ 53.
Kh2 Qd2 54. Kg2 Qd5+ 55. e4 $1 Qd2 56. Rb7 Qd4 57. Bf5 Qc5 58. Rh7 Qc1 59. Rh8
$1 $16 Ke7 (59... b5 60. Rb8 Qc5 61. Rg8 Kf7 62. Rg6 b4 (62... Qc1 63. Rb6 $16)
63. Rxh6 b3 64. Rh7+ Kf6 65. Rb7 Qc2 66. h6 $18) 60. Rc8 Qd2 61. Rc7+ Kf8 62.
Rd7 Qg5 63. Rd6 b5 $2 (63... Qxh5 64. Rxb6 Qg5 65. Rg6 Qd2 66. Re6 Qc3 67. Rxh6
$16) 64. g4 Kf7 (64... b4 65. Rg6 Qf4 66. g5 $1 hxg5 67. h6 Qh4 68. h7 Qxh7 69.
Rf6+ Qf7 70. Rxf7+ Kxf7 71. Bg4 $18) 65. Rb6 Qd2 66. Rxb5 $18 Kf6 67. Rb6+ Kg5
68. Rg6+ Kf4 69. Rxh6 Qd1 70. Rf6 Qf3+ 71. Kg1 Kg5 72. Rd6 Qh3 73. Rd7 Qb3 74.
Kg2 Qc3 75. Rd8 Qa3 76. Rd1 Kf4 77. Re1 Qd6 78. Rh1 Qh6 79. Rh3 Kg5 80. Rf3 (
80. Kf3 $1 Kf6 81. g5+ Kxg5 (81... Qxg5 82. h6 $18) 82. Rg3+ Kh4 83. Rg4+ Kxh5
84. Bg6+ Qxg6 85. Rxg6 Kxg6 86. Kg4 $18) 80... Qc6 81. Re3 Qh6 82. Kf3 1-0

[Event "Olympiad-31"]
[Site "Moscow"]
[Date "1994.12.09"]
[Round "8.1"]
[White "Kasparov, Garry"]
[Black "Nikolic, Predrag"]
[Result "1/2-1/2"]
[WhiteElo "2805"]
[BlackElo "2655"]
[Annotator "Dautov,R"]
[PlyCount "40"]
[EventDate "1994.12.01"]
[EventType "team-swiss"]
[EventRounds "14"]
[EventCountry "RUS"]
[SourceTitle "CBM 045"]
[Source "ChessBase"]
[SourceDate "1995.04.01"]
[SourceVersion "1"]
[SourceVersionDate "1995.04.01"]
[SourceQuality "1"]
[WhiteTeam "Russia"]
[BlackTeam "Bosnia&Herzegovina"]
[WhiteTeamCountry "RUS"]
[BlackTeamCountry "BIH"]

1. d4 Nf6 2. c4 e6 3. Nc3 Bb4 4. Qc2 d5 5. cxd5 Qxd5 6. e3 (6. Nf3 Qf5) 6... c5
7. a3 (7. Bd2 Bxc3 8. bxc3 O-O 9. Nf3 Nc6 10. c4 Qd6 11. dxc5 Qxc5 12. Rb1 e5
13. Ng5 h6 14. Ne4 Nxe4 15. Qxe4 Rd8 16. Rb5 Qe7 17. Be2 b6 18. Bf3 Bb7 $15 {
Alekhine-Euwe/Amsterdam Wch (20)/1937}) 7... cxd4 $5 {N} (7... Bxc3+ 8. bxc3
O-O (8... Nc6 9. Nf3 O-O 10. c4 Qd6 11. Bb2 cxd4 12. exd4 b6 13. Bd3 Bb7 14.
O-O Rac8 15. Qe2 Qf4 16. Rad1 Rfe8 17. h3 Na5 18. Ne5 Be4 19. Rfe1 Bxd3 20.
Qxd3 $14 {Alekhine-Euwe/The Hague Wch (10)/1937}) 9. Nf3 cxd4 10. cxd4 b6 11.
Bc4 Qc6 12. Bd3 Qxc2 13. Bxc2 Ba6 14. Ne5 Nbd7 15. Nxd7 Nxd7 16. Bb2 Rac8 17.
Rc1 Rfd8 18. f3 e5 19. Kf2 exd4 20. Bxd4 Nc5 $10 {Alekhine-Euwe/Amsterdam Wch 
(12)/1937}) 8. axb4 (8. exd4 $6 Bxc3+ 9. bxc3 O-O 10. Nf3 Nc6 11. Bd3 e5 12. c4
Qd6 13. d5 e4 14. Bxe4 Re8 $15) 8... dxc3 9. bxc3 (9. Qxc3 O-O 10. Nf3 b6 11.
Bc4 Qd6 12. O-O Bb7 $10) 9... b5 $5 (9... O-O 10. c4 Qe4 (10... Qd6 11. c5 Qc7
12. Bb2 Nbd7 (12... Nd5 $6 13. e4 Nf4 (13... Nxb4 $4 14. Qc3 $18) 14. Qc3 f6
15. g3 Ng6 16. Bc4 $14) 13. Nf3 $14) (10... Qd8 11. Nf3 $14) 11. Qxe4 Nxe4 12.
Bd3 Nf6 13. Bb2 $14) 10. Nf3 O-O 11. c4 (11. Be2 Bb7 12. O-O Rc8 13. Ra5 a6 14.
c4 Qd8 $132 {/\Nc6}) 11... bxc4 12. Bxc4 Qe4 13. Bd3 $6 (13. Qxe4 {>=} Nxe4 14.
Ke2 Bb7 15. Bb2 Nd7 16. Rhc1 $14) 13... Qxb4+ 14. Ke2 Qb6 15. Ba3 (15. Bb2 Nbd7
16. Bd4 Qb8 17. Ng5 (17. Rhb1 Bb7) 17... h6 18. Nh7 Nxh7 19. Bxh7+ Kh8 20. Rhb1
Bb7 21. Be4 Bxe4 22. Qxe4 Qd6 $10) 15... Re8 16. Bc5 (16. Rhb1 Qc6 $10) 16...
Qc7 17. Rhc1 a5 18. Bb4 Qxc2+ 19. Rxc2 Ba6 $10 20. Rxa5 Bxd3+ 1/2-1/2